Tiếng Nga 12 /
Đã lưu trong:
| Tác giả khác: | , , , , , |
|---|---|
| Định dạng: | Sách giấy |
| Ngôn ngữ: | Vietnamese Russian |
| Được phát hành: |
H. :
Giáo dục,
2008.
|
| Phiên bản: | Sách in thử. |
| Những chủ đề: | |
| Các nhãn: |
Thêm thẻ
Không có thẻ, Là người đầu tiên thẻ bản ghi này!
|
| Thư viện lưu trữ: | Thư viện Trường Đại học Đà Lạt |
|---|
| LEADER | 00883nam a2200361 4500 | ||
|---|---|---|---|
| 001 | DLU120133185 | ||
| 005 | ##20120403 | ||
| 040 | # | # | |a DLU |b vie |
| 041 | # | # | |a vie |a rus |
| 044 | # | # | |a vn |
| 082 | # | # | |a 491.78 |b Tie |
| 245 | # | # | |a Tiếng Nga 12 / |c Đỗ Đình Tống, ...[et al.]. |
| 250 | # | # | |a Sách in thử. |
| 260 | # | # | |a H. : |b Giáo dục, |c 2008. |
| 300 | # | # | |a 224 tr. : |b minh hoạ ; |c 24 cm. |
| 650 | # | # | |a Tiếng Nga. |
| 700 | # | # | |a Đặng Cơ Mưu. |
| 700 | # | # | |a Đặng Ngọc Đức. |
| 700 | # | # | |a Đỗ Đình Tống. |
| 700 | # | # | |a Dương Đức Niệm. |
| 700 | # | # | |a Lê Anh Tâm. |
| 700 | # | # | |a Nguyễn Ngọc Hùng. |
| 923 | # | # | |a 01/2012SP |
| 991 | # | # | |a GT |
| 992 | # | # | |a 0 |
| 994 | # | # | |a KSP |
| 900 | # | # | |a True |
| 911 | # | # | |a Nguyễn Thanh Hương |
| 925 | # | # | |a G |
| 926 | # | # | |a A |
| 927 | # | # | |a SH |
| 980 | # | # | |a Thư viện Trường Đại học Đà Lạt |